[Event "Elit(Malmo-Limhamn)"]
[Site "?"]
[Date "2018.02.17"]
[Round "5"]
[White "Hector, Jonny"]
[Black "Jobava, Baadur"]
[Result "0-1"]
[WhiteElo "2496"]
[BlackElo "2690"]
[PlyCount "122"]
1. e4 c6 2. Nc3 d5 3. Nf3 Bg4 4. h3 Bxf3 5. Qxf3 e6 6. g3 h5 7. d4 g6 8. Bf4
Bh6 9. Bd3 Nd7 10. exd5 exd5 11. Bxh6 Nxh6 12. O-O-O Qg5+ 13. Qe3+ Qxe3+ 14.
fxe3 f5 15. g4 hxg4 16. hxg4 fxg4 17. e4 dxe4 18. Nxe4 O-O-O 19. Ng3 Rdg8 20.
Rdf1 Kc7 21. Kd2 c5 22. dxc5 Nxc5 23. Rf4 b6 24. Re1 Rg7 25. Rc4 Kb8 26. Rh1
Rf7 27. Bxg6 Rf3 28. Rc3 Rf6 29. Bd3 Re8 30. Bb5 Nf5 31. Nxf5 Rd8+ 32. Kc1 Rxf5
33. Rf1 Rxf1+ 34. Bxf1 Ne4 35. Re3 Nf2 36. Re1 Kc7 37. Bg2 Kd6 38. Kd2 Kc5+ 39.
Ke2 Rf8 40. Rf1 g3 41. Rg1 Kd4 42. Bc6 Rg8 43. Kf3 a5 44. a3 Rc8 45. c3+ Kc4
46. Bd7 Rf8+ 47. Ke3 Rf6 48. Rxg3 Nd1+ 49. Ke4 Rd6 50. Bf5 Nxb2 51. Ke5 Kc5 52.
Be6 Rd2 53. Rg5 Kb5 54. Bb3 Nd3+ 55. Kd6+ Nc5+ 56. Kc7 Rd7+ 57. Kc8 Rd6 58. Kb8
Kc6 59. Bc2 b5 60. Bg6 Kb6 61. Kc8 Rc6+ 0-1

[Event "Elit(Malmo-Limhamn)"]
[Site "?"]
[Date "2018.02.17"]
[Round "5"]
[White "Hillarp Persson, Tiger"]
[Black "Jepson, Christian"]
[Result "1-0"]
[WhiteElo "2545"]
[BlackElo "2410"]
[PlyCount "123"]
1. d4 e6 2. Nf3 f5 3. h3 Nf6 4. g4 d5 5. Rg1 c5 6. gxf5 exf5 7. e3 c4 8. b3 Qc7
9. bxc4 dxc4 10. Ne5 Be6 11. c3 a6 12. Nd2 b5 13. a4 Ra7 14. Rb1 Rb7 15. Qf3
Rb6 16. e4 g6 17. a5 Rd6 18. Nexc4 bxc4 19. e5 Bd5 20. exd6 Bxd6 21. Qd1 O-O
22. Qa4 Bh2 23. Rg2 Bf4 24. Kd1 Bxd2 25. Bxd2 Nbd7 26. Rb4 Rc8 27. Kc1 Ne4 28.
f3 Ng3 29. Bxc4 Bxc4 30. Rxc4 Qxc4 31. Qxc4+ Rxc4 32. Rxg3 Nb8 33. Kc2 Nc6 34.
Kd3 Nxa5 35. Rg1 Ra4 36. Rb1 Nc4 37. Bf4 Kf7 38. Rb7+ Ke6 39. Rxh7 Nb6 40. Rc7
Nd5 41. Rc6+ Kf7 42. Bg5 Ra3 43. Kc2 Ra5 44. h4 f4 45. Rd6 Ne3+ 46. Kd3 Nf5 47.
Rc6 Ra1 48. h5 Rd1+ 49. Ke2 Rg1 50. hxg6+ Kg7 51. Bxf4 Rxg6 52. Be5+ Kf7 53.
Rxg6 Kxg6 54. Kd3 a5 55. c4 a4 56. d5 a3 57. c5 a2 58. c6 Kf7 59. Kc4 Ke7 60.
Kc5 Kd8 61. d6 Nxd6 62. Kxd6 1-0

[Event "Elit(Malmo-Limhamn)"]
[Site "?"]
[Date "2018.02.17"]
[Round "5"]
[White "Hansen, Mads"]
[Black "Semcesen, Daniel"]
[Result "0-1"]
[WhiteElo "2481"]
[BlackElo "2396"]
[PlyCount "82"]
1. e4 e5 2. Nf3 Nc6 3. Bc4 Be7 4. d4 d6 5. O-O Nf6 6. d5 Nb8 7. Bd3 O-O 8. c4
Nbd7 9. Nc3 Nh5 10. Re1 g6 11. Bh6 Ng7 12. b4 Nf6 13. Nd2 Ng4 14. Bxg7 Kxg7 15.
Be2 Nh6 16. Nb3 f5 17. a4 f4 18. a5 g5 19. g4 fxg3 20. hxg3 Qe8 21. Kg2 Qg6 22.
Bh5 Qf6 23. Ra2 g4 24. a6 bxa6 25. Na5 Qg5 26. Rh1 Rf3 27. Ne2 Bd7 28. Ng1 Rff8
29. Rh4 Kh8 30. Nc6 Bxc6 31. dxc6 Rab8 32. Bxg4 Qg7 33. Rxh6 Qxh6 34. Rxa6 Rxb4
35. Rxa7 Rb2 36. Be2 Bd8 37. Rb7 Rd2 38. Qe1 Rc2 39. Qb1 Rc1 40. Qd3 Rxf2+ 41.
Kxf2 Qh2+ 0-1

[Event "Elit(Malmo-Limhamn)"]
[Site "?"]
[Date "2018.02.17"]
[Round "5"]
[White "Ziegler, Ari"]
[Black "Lindgren, Philip"]
[Result "1/2-1/2"]
[WhiteElo "2330"]
[BlackElo "2399"]
[PlyCount "153"]
1. e4 c5 2. Nf3 d6 3. Bb5+ Nd7 4. c3 Ngf6 5. Qe2 a6 6. Ba4 Qc7 7. O-O e5 8. d4
Be7 9. dxe5 dxe5 10. c4 O-O 11. h3 b5 12. cxb5 Nb6 13. b3 c4 14. Bb2 Bd6 15.
Rc1 Nh5 16. Nbd2 Nf4 17. Qf1 Nd3 18. Nxc4 Nxc1 19. Nxd6 Qxd6 20. Bxe5 Qb4 21.
Qxc1 Qxe4 22. Qc3 Qg6 23. Rd1 Nxa4 24. bxa4 Bxh3 25. Bg3 Rac8 26. Qb4 Qc2 27.
Rd2 Qc1+ 28. Kh2 Be6 29. b6 Rc4 30. Qb2 Qxb2 31. Rxb2 Bd5 32. b7 Bxb7 33. Rxb7
Rxa4 34. a3 Re8 35. Bd6 Rae4 36. Ra7 R4e6 37. Bb4 Rc8 38. g4 h6 39. Kg3 Rc4 40.
Nd2 Rd4 41. f3 Rd3 42. Kf2 Rd5 43. Ne4 f5 44. Nc5 Rc6 45. gxf5 Rxf5 46. Ra8+
Kh7 47. Ne4 h5 48. Bd2 Kg6 49. Ra7 Rf7 50. Rxf7 Kxf7 51. Kg3 Kg6 52. a4 Kf5 53.
a5 Rc2 54. Bg5 g6 55. Bd8 Rc1 56. Bb6 Rc2 57. Nd6+ Ke6 58. Ne4 Kd5 59. Kf4 Rg2
60. Bd8 Kc6 61. Bf6 Kb5 62. Bd8 h4 63. Bxh4 Kxa5 64. Bg3 Kb5 65. Kg5 a5 66.
Kxg6 Kc4 67. Kf5 a4 68. Bd6 Kb3 69. Nc5+ Ka3 70. f4 Kb4 71. Ne4+ Kb3 72. Ke5 a3
73. Bxa3 Kxa3 74. f5 Rg1 75. f6 Rf1 76. Ng3 Rxf6 77. Kxf6 1/2-1/2

[Event "Elit(Malmo-Limhamn)"]
[Site "?"]
[Date "2018.02.17"]
[Round "5"]
[White "Schneider, Stefan"]
[Black "Bejtovic, Jasmin"]
[Result "1/2-1/2"]
[WhiteElo "2401"]
[BlackElo "2356"]
[PlyCount "132"]
1. d4 Nf6 2. Nf3 g6 3. Bg5 Bg7 4. Nbd2 d5 5. e3 O-O 6. c3 Nbd7 7. Be2 Re8 8.
O-O e5 9. Bh4 c6 10. Bg3 Nh5 11. Bxe5 Nxe5 12. dxe5 Bxe5 13. Nxe5 Rxe5 14. Nc4
Re8 15. Bxh5 dxc4 16. Be2 Be6 17. Qxd8 Rexd8 18. Rfd1 Kf8 19. f3 Ke7 20. Kf2 f5
21. Rxd8 Rxd8 22. Rd1 Rb8 23. g4 fxg4 24. fxg4 g5 25. Bf3 Kf6 26. Kg3 Ke5 27.
Rd2 Rf8 28. Rd4 c5 29. Rd2 b5 30. a3 a5 31. Bc6 b4 32. axb4 cxb4 33. Rd4 Rb8
34. Ba4 bxc3 35. bxc3 Rb2 36. Bd7 Bd5 37. h4 h6 38. hxg5 hxg5 39. e4 Bf7 40.
Bf5 Rb7 41. Rd8 Ra7 42. Rb8 a4 43. Rb5+ Kd6 44. e5+ Kc6 45. Rb1 a3 46. Ra1 a2
47. e6 Be8 48. Kf3 Kd5 49. Ke3 Ke5 50. Kd2 Kf4 51. Kc1 Ke3 52. Kb2 Kd2 53. Rxa2
Rxa2+ 54. Kxa2 Kxc3 55. Ka3 Kd2 56. Kb4 c3 57. Kc4 c2 58. Bxc2 Kxc2 59. Kd4 Kd2
60. Ke4 Kc3 61. Kf5 Kd4 62. Kxg5 Ke5 63. Kh4 Kxe6 64. Kg3 Kf6 65. Kf4 Bd7 66.
Ke4 Bxg4 1/2-1/2

[Event "Elit(Malmo-Limhamn)"]
[Site "?"]
[Date "2018.02.17"]
[Round "5"]
[White "Agrest, Inna"]
[Black "Haubro, Martin"]
[Result "0-1"]
[WhiteElo "2280"]
[BlackElo "2306"]
[PlyCount "80"]
1. e4 e5 2. Nf3 Nc6 3. Bb5 a6 4. Ba4 Nf6 5. d3 d6 6. c3 Be7 7. O-O O-O 8. Re1
Re8 9. Nbd2 Bf8 10. Nf1 h6 11. h3 b5 12. Bc2 Bb7 13. a4 d5 14. Qe2 d4 15. Ng3
g6 16. Bd2 Bg7 17. Bb3 Qd6 18. Nh4 Nd7 19. Nhf5 gxf5 20. Qh5 Ne7 21. Bxf7+ Kf8
22. Bb3 Qg6 23. Qxg6 Nxg6 24. exf5 Nc5 25. Ba2 Nf4 26. cxd4 Ncxd3 27. Rec1 c5
28. Rxc5 Nxc5 29. dxc5 Bc6 30. f6 Bxf6 31. Nf5 Rad8 32. Ba5 Rd7 33. axb5 axb5
34. Nxh6 Ra8 35. b4 Bxg2 36. Ng4 Bh8 37. Ne3 Bf3 38. Nf5 Nxh3+ 39. Kh2 e4 40.
Re1 Rh7 0-1

[Event "Elit(LASK-Eksjo)"]
[Site "?"]
[Date "2018.02.17"]
[Round "5"]
[White "Heberla, Bartlomiej"]
[Black "Cuenca Jimenez, Jose"]
[Result "1-0"]
[WhiteElo "2559"]
[BlackElo "2489"]
[PlyCount "83"]
1. d4 Nf6 2. c4 g6 3. Nc3 Bg7 4. e4 d6 5. Bd3 O-O 6. Nge2 a6 7. O-O c5 8. d5 b5
9. cxb5 axb5 10. Nxb5 Na6 11. Nec3 Nc7 12. Qe2 Nxb5 13. Bxb5 Qa5 14. Bd2 Ba6
15. a4 Ne8 16. Bxa6 Qxa6 17. Qxa6 Rxa6 18. Rfb1 f5 19. b4 cxb4 20. Rxb4 fxe4
21. Rxe4 Be5 22. f4 Bf6 23. Rc4 Ng7 24. Re1 Nf5 25. Nb5 h5 26. g3 Rb8 27. Rb1
Bd4+ 28. Kf1 Bc5 29. Ke2 Nd4+ 30. Kd3 Nxb5 31. Rxb5 Rxb5 32. axb5 Rb6 33. Rxc5
dxc5 34. Kc4 Kf7 35. Ba5 Rb8 36. Bc7 Rb7 37. b6 Ke8 38. Kxc5 Kd7 39. Be5 Kc8
40. Kc6 e6 41. dxe6 Re7 42. Bd6 1-0

[Event "Elit(LASK-Eksjo)"]
[Site "?"]
[Date "2018.02.17"]
[Round "5"]
[White "Smith, Axel"]
[Black "Gdanski, Jacek"]
[Result "1/2-1/2"]
[WhiteElo "2495"]
[BlackElo "2458"]
[PlyCount "44"]
1. d4 Nf6 2. Nf3 c5 3. d5 d6 4. Nc3 g6 5. e4 Bg7 6. Bb5+ Bd7 7. a4 O-O 8. h3
Na6 9. O-O Bxb5 10. axb5 Nc7 11. Qe2 a6 12. bxa6 Rxa6 13. Rxa6 bxa6 14. Rd1 Nd7
15. Nd2 Qb8 16. Nc4 Nb5 17. Nb1 Nd4 18. Qd3 f5 19. Nbd2 f4 20. c3 Nb3 21. Nxb3
Qxb3 22. Na5 Qa4 1/2-1/2

[Event "Elit(LASK-Eksjo)"]
[Site "?"]
[Date "2018.02.17"]
[Round "5"]
[White "Gajic, Mladen"]
[Black "Tikkanen, Hans"]
[Result "1/2-1/2"]
[WhiteElo "2312"]
[BlackElo "2517"]
[PlyCount "28"]
1. d4 d5 2. Nf3 Nf6 3. e3 c6 4. Bd3 Bg4 5. h3 Bxf3 6. Qxf3 Nbd7 7. c4 e5 8.
cxd5 Nxd5 9. Nc3 exd4 10. Qe4+ Be7 11. Nxd5 Qa5+ 12. Bd2 Qxd5 13. Qxd5 cxd5 14.
exd4 O-O 1/2-1/2

[Event "Elit(LASK-Eksjo)"]
[Site "?"]
[Date "2018.02.17"]
[Round "5"]
[White "Antonsen, Mikkel"]
[Black "Ornstein, Axel"]
[Result "1/2-1/2"]
[WhiteElo "2447"]
[BlackElo "2342"]
[PlyCount "81"]
1. d4 Nf6 2. c4 e6 3. Nc3 Bb4 4. Qc2 c5 5. dxc5 O-O 6. Nf3 Na6 7. g3 Nxc5 8.
Bg2 Nce4 9. O-O Bxc3 10. bxc3 Qa5 11. Nd4 Qxc3 12. Qxc3 Nxc3 13. Ba3 d6 14.
Rac1 Nce4 15. Nb5 Rd8 16. f3 Nc5 17. Rfd1 b6 18. Nxd6 Bd7 19. f4 Rab8 20. e4
Bc6 21. e5 Bxg2 22. Kxg2 Nfe4 23. Nxe4 Nxe4 24. Be7 Rxd1 25. Rxd1 f5 26. exf6
Nxf6 27. Bxf6 gxf6 28. Rd7 Rc8 29. Rxa7 Rxc4 30. Kh3 e5 31. Kg4 exf4 32. gxf4
Rc5 33. h4 h5+ 34. Kf3 f5 35. Ke3 Rc4 36. Re7 Ra4 37. Re5 Ra3+ 38. Kd4 Ra4+ 39.
Ke3 Ra3+ 40. Kd4 Ra4+ 41. Ke3 1/2-1/2

[Event "Elit(LASK-Malmo)"]
[Site "?"]
[Date "2018.02.16"]
[Round "4"]
[White "Bejtovic, Jasmin"]
[Black "Magnusson, Jorgen"]
[Result "1-0"]
[WhiteElo "2356"]
[BlackElo "2301"]
[PlyCount "49"]
1. e4 g6 2. g3 d5 3. Nc3 dxe4 4. Nxe4 Bg7 5. Bg2 Nf6 6. Nxf6+ Bxf6 7. Ne2 Nc6
8. O-O O-O 9. Rb1 Bg7 10. b4 Be6 11. Bb2 Bxb2 12. Rxb2 Bd5 13. b5 Bxg2 14. Kxg2
Qd5+ 15. f3 Ne5 16. d3 Rad8 17. Qc1 Nd7 18. Rb4 Qxa2 19. Nc3 Qe6 20. Re1 Qd6
21. Rh4 f5 22. Qa1 Ra8 23. Qa2+ Kh8 24. Re6 Qc5 25. Rc4 1-0

[Event "Elit(LASK-Malmo)"]
[Site "?"]
[Date "2018.02.16"]
[Round "4"]
[White "Antonsen, Mikkel"]
[Black "Semcesen, Daniel"]
[Result "1-0"]
[WhiteElo "2447"]
[BlackElo "2481"]
[PlyCount "101"]
1. d4 f5 2. Bg5 h6 3. Bh4 g5 4. Bg3 Nf6 5. e3 d6 6. h4 Rg8 7. Nc3 e6 8. hxg5
hxg5 9. Qd2 Qe7 10. O-O-O Nc6 11. f3 Bd7 12. e4 fxe4 13. fxe4 O-O-O 14. Kb1 Kb8
15. Bc4 Bc8 16. Nge2 a6 17. a3 d5 18. Bd3 dxe4 19. Nxe4 Nxd4 20. Nxd4 Rxd4 21.
Bxc7+ Ka8 22. Nxf6 Qxf6 23. Rdf1 Qe7 24. Be5 Rh4 25. g3 Rxh1 26. Rxh1 Qd8 27.
Qc3 Bd6 28. Rh7 Bxe5 29. Qxe5 Qd5 30. Qc7 Qd8 31. Qxd8 Rxd8 32. Rg7 Rd5 33. Kc1
Kb8 34. Kd2 b5 35. Kc3 Bb7 36. b4 Re5 37. Kd4 Rd5+ 38. Kc3 Re5 39. Rg8+ Kc7 40.
Rg7+ Kb6 41. Kd4 Rd5+ 42. Kc3 Re5 43. Kd2 Bd5 44. a4 bxa4 45. c4 Bb7 46. c5+
Kc6 47. Bc2 a3 48. Ba4+ Kd5 49. Rxb7 Kc4 50. Kc2 Re2+ 51. Kb1 1-0

[Event "Elit(LASK-Malmo)"]
[Site "?"]
[Date "2018.02.16"]
[Round "4"]
[White "Agrest, Inna"]
[Black "Jogstad, Martin"]
[Result "1-0"]
[WhiteElo "2280"]
[BlackElo "2309"]
[PlyCount "119"]
1. e4 c5 2. Nf3 e6 3. d4 cxd4 4. Nxd4 Nc6 5. Nc3 Qc7 6. Be3 a6 7. Qd2 Nf6 8. f3
Be7 9. O-O-O b5 10. g4 Nxd4 11. Qxd4 Bb7 12. g5 Nh5 13. Kb1 Rc8 14. Qd3 b4 15.
Na4 O-O 16. Nb6 Rcd8 17. Qc4 Qxc4 18. Bxc4 d6 19. Rd2 Rfe8 20. Rhd1 Rb8 21. h4
g6 22. Bb3 Bc6 23. Nc4 Bb5 24. Nxd6 Bxd6 25. Rxd6 Be2 26. R1d4 Bxf3 27. Rxa6
Ng3 28. Bf4 Rbd8 29. Rad6 Rxd6 30. Bxd6 Rd8 31. e5 Nf5 32. Rxb4 Nxd6 33. exd6
Rxd6 34. a4 e5 35. Rb8+ Kg7 36. Re8 Bd5 37. Rxe5 Bxb3 38. cxb3 h6 39. a5 hxg5
40. hxg5 f6 41. Re7+ Kf8 42. gxf6 Rxf6 43. Re5 Kf7 44. b4 Ra6 45. Kc2 Kf6 46.
Rb5 Ra8 47. Kd3 g5 48. Ke4 Kg6 49. Kf3 Kh5 50. Rb6 Rd8 51. a6 g4+ 52. Ke2 Kh4
53. a7 Ra8 54. Rb7 Kh3 55. b5 Re8+ 56. Kd3 Rd8+ 57. Kc4 Rc8+ 58. Kd5 Rd8+ 59.
Kc6 Rc8+ 60. Rc7 1-0

[Event "Elit(LASK-Malmo)"]
[Site "?"]
[Date "2018.02.16"]
[Round "4"]
[White "Olsson, Linus"]
[Black "Ziegler, Ari"]
[Result "1-0"]
[WhiteElo "2229"]
[BlackElo "2330"]
[PlyCount "109"]
1. d4 g6 2. e4 Bg7 3. Nf3 d6 4. Bc4 c6 5. Bb3 Nf6 6. Nbd2 O-O 7. O-O Bg4 8. Re1
e5 9. dxe5 dxe5 10. h3 Bxf3 11. Qxf3 Qe7 12. Nf1 Nbd7 13. a3 Nc5 14. Ba2 h6 15.
Ng3 Nh7 16. Qg4 Kh8 17. Be3 h5 18. Qe2 h4 19. Qc4 Ne6 20. Ne2 Nf6 21. Rad1 Kh7
22. f3 Bh6 23. Bxh6 Kxh6 24. Qb4 Qxb4 25. axb4 Nc7 26. Nc1 Rae8 27. Nb3 Re7 28.
Na5 Rb8 29. Rd2 Kg7 30. Red1 Nce8 31. c3 Rc8 32. Rd8 Rxd8 33. Rxd8 a6 34. c4
Nh5 35. c5 f5 36. exf5 gxf5 37. Nxb7 Rxb7 38. Rxe8 Rxb4 39. Rxe5 Ng3 40. Re7+
Kf8 41. Rh7 Rxb2 42. Bc4 Rb1+ 43. Kf2 Rb2+ 44. Ke3 a5 45. Kd4 Rc2 46. Rc7 Rxg2
47. Rxc6 Rf2 48. Re6 Rxf3 49. c6 Rf4+ 50. Kd5 Ne4 51. Ba6 Nc3+ 52. Kd6 Rd4+ 53.
Kc5 Rd5+ 54. Kc4 Kf7 55. c7 1-0

[Event "Elit(Limhamn-Eksjo)"]
[Site "?"]
[Date "2018.02.16"]
[Round "4"]
[White "Heberla, Bartlomiej"]
[Black "Hector, Jonny"]
[Result "1-0"]
[WhiteElo "2559"]
[BlackElo "2496"]
[PlyCount "125"]
1. d4 d5 2. c4 c6 3. Nf3 Nf6 4. Nc3 dxc4 5. e3 b5 6. a4 b4 7. Nb1 Ba6 8. Be2 c5
9. O-O Nc6 10. Nbd2 Qd5 11. b3 cxd4 12. Nxc4 Bb7 13. exd4 e6 14. Ne3 Qd8 15.
Ne5 Qxd4 16. Nxc6 Qxd1 17. Rxd1 Bxc6 18. Bb2 Rd8 19. Rxd8+ Kxd8 20. Rc1 Bb7 21.
Be5 Nd7 22. Bc7+ Ke8 23. Nc4 Bd5 24. Nd6+ Ke7 25. Bb5 Nb6 26. a5 Na8 27. Bb8
Bxb3 28. Rb1 Bd5 29. Rxb4 f5 30. Rb1 Kf6 31. Ne8+ Kf7 32. Be5 Be7 33. Nxg7 Rg8
34. Be2 Rxg7 35. Bxg7 Kxg7 36. Bf3 Nc7 37. Bxd5 Nxd5 38. Rb7 a6 39. Ra7 Kf6 40.
Rxa6 Bc5 41. Ra8 Ke5 42. Rh8 Nf6 43. a6 Kd6 44. Rf8 Nd5 45. Rd8+ Kc7 46. Re8
Kd6 47. Rd8+ Kc7 48. Rh8 Nf6 49. Kf1 Kb6 50. Ra8 Nd5 51. h4 Nc7 52. Rh8 Kxa6
53. Rxh7 Kb6 54. h5 Bd4 55. Rf7 Nd5 56. h6 Nf4 57. g4 Kc6 58. g5 Kd6 59. Rg7
Nh5 60. Rg8 Ke7 61. h7 Kf7 62. g6+ Ke7 63. g7 1-0

[Event "Elit(Limhamn-Eksjo)"]
[Site "?"]
[Date "2018.02.16"]
[Round "4"]
[White "Johansson, Linus"]
[Black "Gajic, Mladen"]
[Result "1-0"]
[WhiteElo "2452"]
[BlackElo "2312"]
[PlyCount "81"]
1. d4 Nf6 2. c4 c5 3. d5 e6 4. Nc3 exd5 5. cxd5 d6 6. Nf3 g6 7. Bf4 a6 8. a4
Bg7 9. h3 O-O 10. e3 Qe7 11. Be2 Nbd7 12. O-O Ne8 13. Nd2 g5 14. Bh2 f5 15. Nc4
Ne5 16. Nb6 Rb8 17. a5 f4 18. exf4 gxf4 19. Ra4 f3 20. gxf3 Bxh3 21. Re1 Rxf3
22. Ne4 Rf8 23. f4 Nd7 24. Bg4 Bxg4 25. Qxg4 Nxb6 26. axb6 Nf6 27. Qe6+ Qxe6
28. dxe6 Nxe4 29. e7 Rf5 30. Raxe4 Re8 31. Re6 d5 32. Rd6 Bxb2 33. Rd7 Kf7 34.
Rxb7 Bc3 35. Re2 d4 36. Rd7 c4 37. b7 d3 38. Re4 d2 39. b8=Q d1=Q+ 40. Rxd1
Rxb8 41. Rd8 1-0

[Event "Elit(Limhamn-Eksjo)"]
[Site "?"]
[Date "2018.02.16"]
[Round "4"]
[White "Gdanski, Jacek"]
[Black "Jepson, Christian"]
[Result "1/2-1/2"]
[WhiteElo "2458"]
[BlackElo "2410"]
[PlyCount "29"]
1. e4 e5 2. Nf3 Nc6 3. Bb5 a6 4. Bxc6 dxc6 5. O-O Bd6 6. d4 exd4 7. Qxd4 f6 8.
Be3 Ne7 9. Nbd2 Be6 10. Rfd1 Ng6 11. Nc4 Bxc4 12. Qxc4 Qe7 13. Nd2 O-O-O 14.
Nf1 Rd7 15. Rd2 1/2-1/2

[Event "Elit(Limhamn-Eksjo)"]
[Site "?"]
[Date "2018.02.16"]
[Round "4"]
[White "Schneider, Stefan"]
[Black "Ornstein, Axel"]
[Result "1/2-1/2"]
[WhiteElo "2401"]
[BlackElo "2342"]
[PlyCount "31"]
1. d4 Nf6 2. c4 c5 3. d5 e5 4. Nc3 d6 5. e4 Be7 6. g3 Nbd7 7. Bg2 O-O 8. Nge2
Ne8 9. O-O g6 10. Bh6 Ng7 11. Qd2 Nf6 12. h3 Kh8 13. Be3 Nd7 14. Bh6 Nf6 15.
Be3 Nd7 16. Bh6 1/2-1/2

[Event "Elit(Limhamn-Eksjo)"]
[Site "?"]
[Date "2018.02.16"]
[Round "4"]
[White "Rothen, Hakan"]
[Black "Brynell, Stellan"]
[Result "0-1"]
[WhiteElo "2273"]
[BlackElo "2418"]
[PlyCount "112"]
1. d4 Nf6 2. c4 e6 3. Nc3 Bb4 4. Qc2 O-O 5. Nf3 c5 6. dxc5 Na6 7. g3 Nxc5 8.
Bg2 b6 9. O-O Bb7 10. Bf4 Nce4 11. Ng5 Bxc3 12. bxc3 Nxg5 13. Bxg5 Bxg2 14.
Kxg2 h6 15. Bxf6 Qxf6 16. Rad1 Rfc8 17. Qe4 Qe7 18. Rd4 Rab8 19. Rfd1 Rc7 20.
Qd3 Rd8 21. Rd6 Qg5 22. Qe4 Qa5 23. Qh4 Rf8 24. Rxd7 Rxd7 25. Rxd7 Qxa2 26. Qe4
Qa3 27. Qd4 Qa4 28. Rc7 Ra8 29. Qe4 Rf8 30. Qb7 Qc2 31. Qxa7 Qxe2 32. Qb7 Qe5
33. h4 g5 34. hxg5 hxg5 35. Qc6 Rd8 36. Rb7 g4 37. Ra7 Kg7 38. Qb7 Qh5 39. Kf1
Qf5 40. Ra1 Qd3+ 41. Kg2 Qxc3 42. Ra7 Qf6 43. Qe4 Rd4 44. Qe2 Qf3+ 45. Qxf3
gxf3+ 46. Kxf3 Rxc4 47. Rb7 Rb4 48. Ke3 Kg6 49. g4 b5 50. f4 Rb1 51. Ke4 f5+
52. gxf5+ exf5+ 53. Ke3 b4 54. Rb6+ Kh5 55. Rf6 Rb3+ 56. Kd4 Kg4 0-1

[Event "Elit(Limhamn-Eksjo)"]
[Site "?"]
[Date "2018.02.16"]
[Round "4"]
[White "Lindgren, Philip"]
[Black "Vernersson, Per"]
[Result "1/2-1/2"]
[WhiteElo "2399"]
[BlackElo "2281"]
[PlyCount "100"]
[EventDate "2018.??.??"]
1. c4 e6 2. Nf3 Nf6 3. g3 d5 4. d4 Be7 5. Bg2 O-O 6. O-O dxc4 7. Qc2 a6 8. a4
Bd7 9. Qxc4 Bc6 10. Bf4 a5 11. Nc3 Bd6 12. Bg5 h6 13. Bxf6 Qxf6 14. e4 Qd8 15.
Rfd1 Nd7 16. Qb3 Nb6 17. Nd2 Qe8 18. Nc4 Nxc4 19. Qxc4 e5 20. Nb5 Qe7 21. Nxd6
cxd6 22. d5 Bd7 23. Qb3 f5 24. Rac1 Bc8 25. Rc4 fxe4 26. Bxe4 Bf5 27. Bg2 Rf7
28. Rdc1 Qd8 29. Qe3 Rc8 30. Rxc8 Bxc8 31. Rc4 Bf5 32. h4 Kh8 33. Bf3 Kg8 34.
Bh5 Rf8 35. Bg4 Bxg4 36. Rxg4 Qf6 37. b4 Qf5 38. Re4 Qf7 39. Qd2 Qf3 40. Re3
Qg4 41. Rb3 Qc4 42. Rb2 axb4 43. Rxb4 Qc7 44. Rg4 Qc5 45. Kg2 Rf7 46. a5 Rf6
47. Re4 Rf8 48. Rg4 Rf6 49. Re4 Rf8 50. Rg4 Rf6 1/2-1/2

[Event "Elit(Limhamn-Eksjo)"]
[Site "?"]
[Date "2018.02.16"]
[Round "4"]
[White "Malesevic, Nedeljko"]
[Black "Hansen, Mads"]
[Result "0-1"]
[WhiteElo "2250"]
[BlackElo "2396"]
[PlyCount "64"]
1. d4 d5 2. Nf3 Nf6 3. c4 c6 4. cxd5 cxd5 5. Nc3 Nc6 6. e3 a6 7. Ne5 Bf5 8. Bd3
Bxd3 9. Qxd3 e6 10. f4 Bd6 11. O-O O-O 12. Bd2 Ne7 13. a4 Rc8 14. Be1 Qb6 15.
Rb1 Nf5 16. b4 Qc7 17. Bd2 Qe7 18. b5 a5 19. Rfc1 Bb4 20. Nd1 Bxd2 21. Qxd2 Ne4
22. Qb2 f6 23. Nd3 Nfd6 24. Rxc8 Rxc8 25. Rc1 Rc4 26. Rxc4 dxc4 27. N3f2 Nxf2
28. Nxf2 Nf5 29. e4 Qb4 30. Qxb4 axb4 31. exf5 c3 32. Nd3 b3 0-1

[Event "Elit(Limhamn-Eksjo)"]
[Site "?"]
[Date "2018.02.16"]
[Round "4"]
[White "Haubro, Martin"]
[Black "Thornert, Hakan"]
[Result "1-0"]
[WhiteElo "2306"]
[BlackElo "2211"]
[PlyCount "109"]
1. e4 c5 2. Nf3 d6 3. d4 cxd4 4. Nxd4 Nf6 5. Nc3 g6 6. Be3 Bg7 7. f3 Nc6 8. Qd2
O-O 9. O-O-O d5 10. Qe1 e5 11. Nxc6 bxc6 12. exd5 Nxd5 13. Bc4 Be6 14. Ne4 h6
15. g4 Qc7 16. Bc5 Rfe8 17. h4 Nf4 18. Bxe6 Nxe6 19. Bd6 Qb6 20. Qc3 Nd4 21.
Rh2 Rad8 22. Rhd2 Re6 23. Bc5 Qa6 24. Qa3 Qxa3 25. Bxa3 Rd5 26. Rf1 Nb5 27. Bb4
f5 28. gxf5 gxf5 29. Ng3 Rxd2 30. Kxd2 Nd4 31. Bc5 Rg6 32. Bxd4 Rxg3 33. Bxa7
Rh3 34. a4 Rxh4 35. a5 Ra4 36. Bb6 Kf7 37. Kc3 c5 38. Kb3 Rb4+ 39. Ka3 Bf8 40.
c3 Rb5 41. b3 c4+ 42. b4 Bd6 43. Rd1 Ke6 44. Ka4 Rd5 45. Rxd5 Kxd5 46. Kb5 h5
47. a6 Bb8 48. Bg1 h4 49. Kb6 h3 50. Kb7 Ba7 51. Kxa7 e4 52. fxe4+ fxe4 53. Kb8
e3 54. Bxe3 h2 55. a7 1-0

[Event "Elit(LASK-Malmo)"]
[Site "?"]
[Date "2018.02.16"]
[Round "4"]
[White "Jobava, Baadur"]
[Black "Cuenca Jimenez, Jose"]
[Result "1-0"]
[WhiteElo "2690"]
[BlackElo "2489"]
[PlyCount "68"]
[SourceDate "2018.02.23"]
1. d4 e6 2. c4 Nf6 3. Nc3 Bb4 4. e3 b6 5. Nge2 c5 6. a3 Ba5 7. Bd2 O-O 8. Nf4
cxd4 9. exd4 Bxc3 10. Bxc3 d5 11. b3 Qc7 12. Nh5 Nbd7 13. Nxf6+ Nxf6 14. Rc1
Ba6 15. Bb2 Qf4 16. Bd3 dxc4 17. bxc4 Bb7 18. O-O Rfd8 19. f3 Rac8 20. Re1 Rd7
21. d5 Rcd8 22. Bc2 b5 23. Be5 Qh4 24. Qe2 exd5 25. cxb5 d4 26. Bd3 Qg5 27. a4
Qe3+ 28. Qxe3 dxe3 29. Bf5 Re7 30. Ba1 Rd5 31. Bb1 Rd2 32. a5 Bd5 33. a6 Be6
34. Bxf6 gxf6 1-0

[Event "Elit(LASK-Malmo)"]
[Site "?"]
[Date "2018.02.16"]
[Round "4"]
[White "Tikkanen, Hans"]
[Black "Grandelius, Nils"]
[Result "0-1"]
[WhiteElo "2517"]
[BlackElo "2647"]
[PlyCount "52"]
1. d4 Nf6 2. Nf3 d5 3. e3 e6 4. Bd3 c5 5. b3 cxd4 6. exd4 Bb4+ 7. c3 Bd6 8. Qe2
Nc6 9. Ne5 Qc7 10. Nxc6 bxc6 11. g3 O-O 12. f4 c5 13. Bb2 c4 14. Bc2 a5 15. Nd2
Rb8 16. Rb1 cxb3 17. axb3 a4 18. bxa4 Rxb2 19. Rxb2 Qxc3 20. Ra2 Qxd4 21. Nb3
Qa7 22. Qf2 Bb4+ 23. Kf1 d4 24. Bd1 e5 25. fxe5 Bh3+ 26. Kg1 Ne4 0-1

[Event "Elit(LASK-Malmo)"]
[Site "?"]
[Date "2018.02.16"]
[Round "4"]
[White "Meier, Georg"]
[Black "Dragicevic, Drazen"]
[Result "1-0"]
[WhiteElo "2647"]
[BlackElo "2339"]
[PlyCount "77"]
1. Nf3 d5 2. d4 Nf6 3. c4 e6 4. g3 Be7 5. Bg2 O-O 6. O-O dxc4 7. Qc2 b6 8. Ne5
Qxd4 9. Bxa8 Qxe5 10. Bf3 Nd5 11. Qxc4 Ba6 12. Qa4 Bf6 13. Re1 c5 14. Nd2 b5
15. Qc2 c4 16. Be4 Nb4 17. Qb1 Qh5 18. Bf3 Qg6 19. Be4 Qh5 20. Nf3 Nd7 21. a4
g6 22. Bd2 Nd5 23. axb5 Bxb5 24. Rxa7 Nc5 25. Bxd5 Qxd5 26. Bc3 Bd8 27. Qc1 Ne4
28. Rd1 Nxc3 29. bxc3 Qc5 30. Qa3 Qxa3 31. Rxa3 Bc6 32. Ne5 Bd5 33. Nd7 Be7 34.
Ra4 Rd8 35. Nb6 Bf6 36. Nxd5 exd5 37. e4 d4 38. Rxc4 d3 39. f4 1-0

[Event "Elit(LASK-Malmo)"]
[Site "?"]
[Date "2018.02.16"]
[Round "4"]
[White "Smith, Axel"]
[Black "Hillarp Persson, Tiger"]
[Result "1/2-1/2"]
[WhiteElo "2495"]
[BlackElo "2545"]
[PlyCount "98"]
1. d4 Nf6 2. Nf3 e6 3. e3 d6 4. c4 g6 5. Nc3 Bg7 6. g3 O-O 7. Bg2 c5 8. O-O Nc6
9. b3 Rb8 10. Bb2 b6 11. Qd2 Qe7 12. Rad1 Bb7 13. Rfe1 Rbd8 14. d5 Na5 15. Nh4
e5 16. f4 e4 17. h3 Bc8 18. Qf2 h5 19. Kh2 Rfe8 20. Rg1 a6 21. Bf1 Bd7 22. Be2
Rb8 23. g4 hxg4 24. hxg4 b5 25. g5 Nh7 26. cxb5 axb5 27. Rdf1 b4 28. Nd1 Bxb2
29. Nxb2 Nf8 30. Rg3 Ra8 31. f5 Ra7 32. Qf4 Qe5 33. fxg6 Qxf4 34. Rxf4 fxg6 35.
Rg2 Nb7 36. Nc4 Rxa2 37. Rf6 Bb5 38. Nxg6 Bxc4 39. Bxc4 Rxg2+ 40. Kxg2 Nxg6 41.
Rxg6+ Kf7 42. Rf6+ Kg7 43. Re6 Rf8 44. Be2 Na5 45. Bh5 Rf5 46. Re7+ Kf8 47.
Re8+ Kg7 48. Re7+ Kf8 49. Re8+ Kg7 1/2-1/2

[Event "Elit(Stockholms SS-Team Viking)"]
[Site "?"]
[Date "2018.02.04"]
[Round "6"]
[White "Goganov, Aleksey"]
[Black "Lokander, Martin"]
[Result "1-0"]
[WhiteElo "2563"]
[BlackElo "2397"]
[PlyCount "121"]
1. d4 Nf6 2. c4 c6 3. Nf3 d5 4. e3 e6 5. Bd3 dxc4 6. Bxc4 Nbd7 7. O-O Bd6 8.
Qc2 O-O 9. e4 e5 10. Be3 Qe7 11. Nbd2 exd4 12. Bxd4 Ne5 13. Nxe5 Bxe5 14. Bxe5
Qxe5 15. Rfe1 Be6 16. Bxe6 Qxe6 17. e5 Nd5 18. Nb3 Rad8 19. Nc5 Qe7 20. e6 fxe6
21. Nxe6 Rfe8 22. h4 Rd6 23. Ng5 Qxe1+ 24. Rxe1 Rxe1+ 25. Kh2 g6 26. Qc5 Rd7
27. Qxa7 Rde7 28. f3 Nf6 29. Qd4 R1e5 30. b4 h6 31. Nh3 Kg7 32. Nf4 g5 33. Nh3
Rd5 34. Qb2 Red7 35. Qc1 Kg6 36. Qb1+ Kg7 37. Qc1 Kg6 38. Qc2+ Kg7 39. Qc3 Kg6
40. Nf2 Rd2 41. h5+ Kf7 42. Ne4 Nxe4 43. fxe4 R2d6 44. Qh8 Re6 45. Qh7+ Ke8 46.
Qg8+ Ke7 47. a4 Kd6 48. Qb8+ Rc7 49. Qd8+ Rd7 50. Qb8+ Rc7 51. Qd8+ Rd7 52. e5+
Rxe5 53. Qf8+ Kd5 54. Qxh6 Kc4 55. Qf8 Kb3 56. a5 g4 57. h6 Ka4 58. Kg3 Rh7 59.
a6 bxa6 60. Qd6 Rh5 61. Qd1+ 1-0